000 00303nam a2200121Ia 4500
008 191201s2019 xx 000 0 und d
100 _aSHALEV, Shai
245 0 _aUnderstanding Machine Learning
260 _bCombridge University Press
_c2019
300 _a397
650 _aB.Tech(CSE)
942 _2ddc
_cBK
999 _c6976
_d6976